000
00282nam a2200133Ia 4500
008
230917s9999||||xx |||||||||||||| ||und||
020
_c
RS4
040
_e
193340
_a
MAIN
041
_a
English
082
_a
B N236H
100
_a
Nizami, Abad
245
0
_a
Hamare hazur
942
_c
BK
999
_c
53825
_d
53825